000 00874nam a22003017a 4500
001 00110
003 DO-SdBPM
005 20250724070327.0
007 00110
008 160318b1998 mx |||| 00| 0 spa d
020 _a9789706660220
040 _aDO-SdBPM
_bspa
_cBPMSU
_erda
082 4 _a813.5
_bH488v 1998
_222
100 1 _aHemingway, Ernest,
_d1889-1961
_eautor
245 1 3 _aEl viejo y el mar /
_cErnest Hemingway
264 _aMéxico :
_bGrupo editorial tomo,
_c1998
300 _a107 páginas ;
_c19 cm.
336 _atexto
_btxt
_2rda
337 _asin mediación
_bn
_2rdamedia
338 _avolumen
_bnc
_2rdacarrier
490 0 _aLos clásicos
590 _aInventariado, 2025/VM
650 7 _aNovela estadounidense
650 7 _aAdultos mayores
_vNovela
650 7 _aOcéano
_vNovela
910 _aVMateo V. Control de dalidad. BPMSU
942 _2ddc
_cBK
999 _c9322
_d9322